| 000 | 00618nam a22001937a 4500 | ||
|---|---|---|---|
| 003 | OSt | ||
| 005 | 20260223084954.0 | ||
| 008 | 260223b |||||||| |||| 00| 0 eng d | ||
| 020 | _a978-1-59339-399-1 volume | ||
| 040 |
_aDWCL-Main Lib _cOC |
||
| 082 | _aGR. 523.1 U58 2008 | ||
| 110 |
_aENCYCLOPAEDIA BRITANICA _eCorporate Author |
||
| 245 | _aBritanica illustrated science library : universe | ||
| 260 |
_aChicago : _bEncyclopaedia Britanica, _cc2008 |
||
| 300 |
_a101 p. : _bill. ( col. ) ; _c27 cm. |
||
| 504 | _a1. Includes glossary and index. | ||
| 650 | _aUniverse - Astronomy. | ||
| 942 |
_2ddc _cBK-GR _mGR. _n0 |
||
| 999 |
_c8504 _d8504 |
||